<?xml version="1.0" encoding="UTF-8"?><?xml-stylesheet type="text/xsl" href="static/style.xsl"?><OAI-PMH xmlns="http://www.openarchives.org/OAI/2.0/" xmlns:xsi="http://www.w3.org/2001/XMLSchema-instance" xsi:schemaLocation="http://www.openarchives.org/OAI/2.0/ http://www.openarchives.org/OAI/2.0/OAI-PMH.xsd"><responseDate>2026-06-07T18:58:56Z</responseDate><request verb="GetRecord" identifier="oai:docta.ucm.es:20.500.14352/7965" metadataPrefix="marc">https://docta.ucm.es/rest/oai/request</request><GetRecord><record><header><identifier>oai:docta.ucm.es:20.500.14352/7965</identifier><datestamp>2023-08-25T16:03:20Z</datestamp><setSpec>com_20.500.14352_14</setSpec><setSpec>col_20.500.14352_15</setSpec></header><metadata><record xmlns="http://www.loc.gov/MARC21/slim" xmlns:dcterms="http://purl.org/dc/terms/" xmlns:xsi="http://www.w3.org/2001/XMLSchema-instance" xmlns:doc="http://www.lyncode.com/xoai" xsi:schemaLocation="http://www.loc.gov/MARC21/slim http://www.loc.gov/standards/marcxml/schema/MARC21slim.xsd">
   <leader>00925njm 22002777a 4500</leader>
   <datafield ind2=" " ind1=" " tag="042">
      <subfield code="a">dc</subfield>
   </datafield>
   <datafield ind2=" " ind1=" " tag="720">
      <subfield code="a">Kobayashi, Hikaru</subfield>
      <subfield code="e">author</subfield>
   </datafield>
   <datafield ind2=" " ind1=" " tag="720">
      <subfield code="a">Martínez de Toda Cabeza, Irene</subfield>
      <subfield code="e">author</subfield>
   </datafield>
   <datafield ind2=" " ind1=" " tag="720">
      <subfield code="a">Sanz San Miguel, Luis</subfield>
      <subfield code="e">author</subfield>
   </datafield>
   <datafield ind2=" " ind1=" " tag="720">
      <subfield code="a">Fuente del Rey, Mónica de la</subfield>
      <subfield code="e">author</subfield>
   </datafield>
   <datafield ind2=" " ind1=" " tag="260">
      <subfield code="c">2020-10-16</subfield>
   </datafield>
   <datafield ind2=" " ind1=" " tag="520">
      <subfield code="a">Finding biomarkers to assess the rate of ageing and consequently, to forecast individual lifespan is a challenge in ageing research. We recently published a mathematical model for lifespan prediction in adult female mice using behavioural parameters such as internal locomotion and time spent in open arms in the hole board (HB) and elevated plus maze (EPM) tests, respectively. Nevertheless, it is still not known if these behavioural variables could be useful in forecasting lifespan in male mice. Therefore, two groups of ICR-CD1 mice, male and female were subjected to the EPM, HB and T-maze tests at the adult age. Mice were monitored until they died and individual lifespans were registered. In general, adult male mice showed more anxiety-like behaviours than females. The mathematical model previously developed in females was validated with the female cohort, but found to be suboptimal for lifespan prediction in males. Thus, a new model for male lifespan prediction was constructed including the behavioural variables that were predictive of lifespan in males: time in the central platform of the EPM, inner locomotion, number of groomings and number and duration of head-dippings in the HB. These results confirm that the higher the anxiety-like behaviour at the adult age, the shorter the lifespan.</subfield>
   </datafield>
   <datafield ind1="8" ind2=" " tag="024">
      <subfield code="a">1389-5729, Electronic: 1573-6768</subfield>
   </datafield>
   <datafield ind1="8" ind2=" " tag="024">
      <subfield code="a">10.1007/s10522-020-09902-x</subfield>
   </datafield>
   <datafield ind1="8" ind2=" " tag="024">
      <subfield code="a">https://hdl.handle.net/20.500.14352/7965</subfield>
   </datafield>
   <datafield ind1="8" ind2=" " tag="024">
      <subfield code="a">https://doi.org/10.1007/s10522-020-09902-x</subfield>
   </datafield>
   <datafield ind2="0" ind1="0" tag="245">
      <subfield code="a">Sex-related differences in behavioural markers in adult mice for the prediction of lifespan</subfield>
   </datafield>
</record></metadata></record></GetRecord></OAI-PMH>